Finančné vykazovanie informácií o plnení rozpočtu v účtovnej závierke na všeobecné použitie vo verejnom sektore

Požiadavky na finančné vykazovanie informácií o plnení rozpočtu pre subjekty verejného sektora, od ktorých sa vyžaduje alebo ktoré sa rozhodnú vykazovať informácie o svojom schválenom rozpočte. Spôsob vykazovania a zverejňovania informácií o rozpočte upravený samostatným štandardom IPSAS 24 – Prezen...

Ausführliche Beschreibung

Gespeichert in:
Bibliographische Detailangaben
1. Verfasser: Kicová, Marianna
Format: Buchkapitel
Sprache:Slowakisch
Schlagworte:
Tags: Tag hinzufügen
Keine Tags, Fügen Sie das erste Tag hinzu!

MARC

LEADER 00000naa$a2200000$$$4500
001 0249060
005 20240502074000.9
041 0 |a slo 
044 |a SK 
245 1 0 |a Finančné vykazovanie informácií o plnení rozpočtu v účtovnej závierke na všeobecné použitie vo verejnom sektore  |c Marianna Kicová 
520 |a Požiadavky na finančné vykazovanie informácií o plnení rozpočtu pre subjekty verejného sektora, od ktorých sa vyžaduje alebo ktoré sa rozhodnú vykazovať informácie o svojom schválenom rozpočte. Spôsob vykazovania a zverejňovania informácií o rozpočte upravený samostatným štandardom IPSAS 24 – Prezentovanie informácií o rozpočte v účtovnej závierke. Súčasti účtovnej závierky na všeobecné použitie subjektov verejného sektora. Základná charakteristika pojmov vzťahujúcich sa k rozpočtu. Obsah účtovnej závierky na všeobecné použitie subjektov verejného sektora, ktoré zostavujú a zverejňujú schválený rozpočet podľa IPSAS 24. 
610 2 0 |a sektor verejný 
610 2 0 |a závierka účtovná 
610 2 0 |a rozpočty 
610 2 0 |a štandardy účtovné medzinárodné 
610 2 0 |a výkazy finančné 
100 1 |a Kicová, Marianna